000 00543nam a2200205Ia 4500
005 20230128120240.0
008 131103s9999 xx 000 0 und d
040 _aLoreto College
041 _aEnglish
082 _a833
_bGRA
100 _aGrass,Gunter
245 _aCat and mouse
_cGunter grass;translated by Ralph Manheim
260 _aHarmoundsworth
_bPenguin Books
_c1975
300 _a144 cm.
504 _aTranslated from the German
650 _aGerman Fiction
700 _aManhein,Ralph,tr.
850 _aLCLIB
942 _cBK
999 _c5397
_d55876